Pension fund excellence : (Record no. 50792)

MARC details
000 -LEADER
fixed length control field 01202cam a2200313 i 4500
001 - CONTROL NUMBER
control field vtls003277396
003 - CONTROL NUMBER IDENTIFIER
control field MY-SjTCS
005 - DATE AND TIME OF LATEST TRANSACTION
control field 20200306164819.0
008 - FIXED-LENGTH DATA ELEMENTS--GENERAL INFORMATION
fixed length control field 190712t19981998nyua b 001 0 eng
020 ## - INTERNATIONAL STANDARD BOOK NUMBER
International Standard Book Number 9780471246558
Qualifying information hardback
039 #9 - LEVEL OF BIBLIOGRAPHIC CONTROL AND CODING DETAIL [OBSOLETE]
Level of rules in bibliographic description 201910181652
Level of effort used to assign nonsubject heading access points shuhada
Level of effort used to assign subject headings 201910181619
Level of effort used to assign classification shuhada
Level of effort used to assign subject headings 201910181605
Level of effort used to assign classification shuhada
-- 201907121710
-- malathy
040 ## - CATALOGING SOURCE
Original cataloging agency DLC
Language of cataloging eng
Transcribing agency DLC
Modifying agency DLC
-- TUL
Description conventions rda
082 04 - DEWEY DECIMAL CLASSIFICATION NUMBER
Classification number 332.67254
Item number AMB 1998
100 1# - MAIN ENTRY--PERSONAL NAME
Personal name Ambachtsheer, Keith P.,
Relator term author.
9 (RLIN) 254790
245 10 - TITLE STATEMENT
Title Pension fund excellence :
Remainder of title creating value for stakeholders /
Statement of responsibility, etc. Keith P. Ambachtsheer, D. Don Ezra.
264 #1 - PRODUCTION, PUBLICATION, DISTRIBUTION, MANUFACTURE, AND COPYRIGHT NOTICE
Place of production, publication, distribution, manufacture New York :
Name of producer, publisher, distributor, manufacturer John Wiley & Sons, Inc.,
Date of production, publication, distribution, manufacture, or copyright notice [1998]
264 #4 - PRODUCTION, PUBLICATION, DISTRIBUTION, MANUFACTURE, AND COPYRIGHT NOTICE
Date of production, publication, distribution, manufacture, or copyright notice ©1998
300 ## - PHYSICAL DESCRIPTION
Extent xv, 238 pages :
Other physical details illustrations ;
Dimensions 24 cm.
490 0# - SERIES STATEMENT
Series statement Wiley frontiers in finance
504 ## - BIBLIOGRAPHY, ETC. NOTE
Bibliography, etc. note Includes bibliographical references and index.
650 #0 - SUBJECT ADDED ENTRY--TOPICAL TERM
Topical term or geographic name entry element Pension trusts
General subdivision Investments.
9 (RLIN) 254791
650 #0 - SUBJECT ADDED ENTRY--TOPICAL TERM
Topical term or geographic name entry element Pension trusts
General subdivision Management.
9 (RLIN) 254792
650 #0 - SUBJECT ADDED ENTRY--TOPICAL TERM
Topical term or geographic name entry element Pension trusts
General subdivision Evaluation.
9 (RLIN) 254793
650 #0 - SUBJECT ADDED ENTRY--TOPICAL TERM
Topical term or geographic name entry element Pension trusts
General subdivision Law and legislation.
9 (RLIN) 254794
650 #0 - SUBJECT ADDED ENTRY--TOPICAL TERM
Topical term or geographic name entry element Trusts and trustees.
9 (RLIN) 254795
650 #0 - SUBJECT ADDED ENTRY--TOPICAL TERM
Topical term or geographic name entry element Fiducia.
9 (RLIN) 254796
700 1# - ADDED ENTRY--PERSONAL NAME
Personal name Ezra, D. Don,
Relator term author.
9 (RLIN) 254797
920 ## - Programme
Programme TBS : 235443
Holdings
Withdrawn status Lost status Source of classification or shelving scheme Damaged status Not for loan Home library Current library Date acquired Cost, normal purchase price Total Checkouts Barcode Date last seen Date last checked out Copy number Uniform Resource Identifier Cost, replacement price Koha item type Public note
    Dewey Decimal Classification     Taylor's Library-TU Taylor's Library-TU 25/09/2019 212.00 1 5000164008 15/07/2022 09/03/2022 1 Floor 3, Shelf 6 , Side 1, TierNo 5, BayNo 4 212.00 Main Collection TBSxx,24003,03,RA | SOAFx,13611,03,RM | SOAFx,13612,03,RM